000 00764nam a2200229Ia 4500
001 16063
003 GE_BSU
008 181216s||||||||xx |||||||||||||| ||und||
040 _cGE_BSU
080 _a821.353.1-4
100 _aჯაფარიძე, რევაზ
245 _aმარუხის თეთრი ღამეები
245 _bდოკ. მოთხრობა
245 _cრედ.ნ.გოგოძე.. მხ.ვ.ხიდეშელი
260 _aთბილისი
260 _bნაკადული
260 _c1975
300 _a136გვ. : ილ. ; 19სმ
653 _aდოკ. მოთხრობა
653 _aმარუხის თეთრი ღამეები
942 _cBK
999 _c49153
_d49153